[Event "SRB-ch U14"]
[Site "Kragujevac"]
[Date "2017.04.12"]
[Round "2"]
[White "Markovic, Aleksandar D"]
[Black "Ivanovic, Marko"]
[Result "0-1"]
[WhiteElo "1603"]
[BlackElo "1939"]
[PlyCount "74"]
[EventDate "2017.04.11"]
[EventType "swiss"]
[EventRounds "9"]
[EventCountry "SRB"]
[SourceTitle "EXT 2019"]
[Source "ChessBase"]
[SourceDate "2018.10.10"]
[SourceVersion "1"]
[SourceVersionDate "2018.10.10"]
[SourceQuality "1"]

1. d4 f5 2. Nf3 Nf6 3. c4 g6 4. Nc3 Bg7 5. Bg5 0-0 6. e3 d6 7. Bd3 Nbd7 8. Qd2 c6 9. 0-0-0 Qa5 10. Kb1 e5 11. dxe5 dxe5 12. Be2 a6 13. Ne4 Qxd2 14. Nxf6+ Nxf6 15. Rxd2 Ne4 16. Rc2 h6 17. Be7 Re8 18. Bb4 Nxf2 19. Re1 Ng4 20. Bd1 Kf7 21. e4 fxe4 22. Rxe4 Bf6 23. Rxg4 Bxg4 24. Nxe5+ Bxe5 25. Bxg4 a5 26. Rf2+ Kg7 27. Bd2 Bd4 28. Rf4 c5 29. Bf3 Ra6 30. b3 a4 31. b4 b6 32. Kc2 Ra7 33. Kd1 Rae7 34. Bc6 Rd8 35. Bd5 Rf8 36. Rh4 g5 37. Rh3 Rf2 0-1